Normal view MARC view
  • Illegitimate children

Entry Topical Term

Number of records used in: 2

001 - CONTROL NUMBER

  • control field: 98674

003 - CONTROL NUMBER IDENTIFIER

  • control field: NUST

005 - DATE AND TIME OF LATEST TRANSACTION

  • control field: 20220830121049.0

008 - FIXED-LENGTH DATA ELEMENTS

  • fixed length control field: 220830|| aca||aabn | a|a d

040 ## - CATALOGING SOURCE

  • Original cataloging agency: NUST
  • Transcribing agency: NUST

150 ## - HEADING--TOPICAL TERM

  • Topical term or geographic name entry element: Illegitimate children
  • Form subdivision: Fiction

670 ## - SOURCE DATA FOUND

  • Source citation: Work cat.: (NUST)174553: Dickens, Charles, 1812-1870. 12180, Bleak House..., 1853
© 2023 Central Library, National University of Sciences and Technology. All Rights Reserved.